00761nam a2200241Ia 450000100060000000300090000600800410001504000130005604000130006904100150008210000260009710000290012324500580015224500380021025000110024826000140025926000190027326000490029230000570034150000550039865000350045365000310048871248IT-RoPAU130308s9999 xx 000 0 und d aIT-RoPAU cIT-RoPAU aPORTOGHESE aRibeiro Durham Eunice gCodice Aut. SPICS: 24371 aComunicacao e elaboracao cultural nos pequenos grupos bComunicacao e consciencia Critica a1a ed. aSAO PAULO bEdicoes Loyola c1979 [1° Ed.:1979 - Ed.Ling.Originale:1977] a"10 p. (prefazione: no ; testo: 10 [pagine: 25-34])" aComunicazione ed Elaborazione Culturale Nei Gruppi aSAGGI DI COMUNICAZIONE SOCIALE eCodice materia Spics: 3807